Представление документа в формате RUSMARC

ПолеНазваниеЗначение
  Тип записи a
  Библиографический уровень m
001 Контрольный номер RU/SLIB/B/208772379
005 Дата корректировки 20201206204307.9
010 Индекс ISBN __
a ISBN 5-8291-0322-2
d Цена 150-00
101 Язык документа 0_
a Язык текста rus
c Язык оригинала rus
200 Заглавие и сведения об ответственности 1_
a Заглавие Музееведение
e Сведения, относящиеся к заглавию учеб. для студентов гуманит. спец. вузов
f Первые сведения об ответственности Т. Ю. Юренева
b Общее обозначение материала Текст
210 Выходные данные __
a Место издания М.
c Издательство Акад. проект
d Дата издания 2004
215 Физическое описание __
a Объем 560 с.
c Иллюстрации/тип воспроизводства ил.
225 Серия __
a Серия Gaudeamus
225 Серия __
a Серия Учебник для высшей школы
320 Библиография __
a Библиография Указ.: с. 542-554
330 Аннотация __
a Аннотация Теоретические основы музееведения, методика музейной работы, история музеев мира.
606 Тематические рубрики __
a Основная рубрика Музейное дело. Музееведение
y Географическая подрубрика Россия; Америка; Австралия; Азия; Африка; США; Индия; Турция; Япония; Китай; Европа; Германия; Италия; Австрия; Франция; Англия; Древний Рим; Древняя Греция
606 Тематические рубрики __
a Основная рубрика Теория и методика музейного дела
606 Тематические рубрики __
a Основная рубрика Общие вопросы музейного дела
610 Ключевые слова __
a Ключевые слова музееведение; музейная работа; музеи; история музеев; коллекционирование; античность; Возрождение; музейная деятельность; музейные фонды; музейные коллекции; музейные экспозиции; музейные экспонаты; менеджмент; маркетинг; музейный менеджмент; музейный маркетинг
686 Индексы других классификаций __
a Классификационный индекс 79.1я73
700 Автор _1
a Фамилия Юренева
b Имя Т. Ю.
4 Код отношения 070
801 Источник записи _0
a Страна RU
b Организация Муниципальное бюджетное учреждение культуры "Централизованная библиотечная система" г. Сургут (Центральная городская библиотека им. А. С. Пушкина)
g Правила каталогизации КиК/Котельникова
801 Источник записи _1
a Страна RU
b Организация Муниципальное бюджетное учреждение культуры "Централизованная библиотечная система" г. Сургут (Центральная городская библиотека им. А. С. Пушкина)
g Правила каталогизации КиК/Котельникова
852 Данные о местонахождении __
j Шифр хранения 79.1я73
c Каталожный индекс 79.1я73
i Авторский знак Ю 69
p Инвентарный номер 05061001
901 Тип документа __
t Тип документа m
903 Характеристики (МАРС) __
a Дата передачи 20050615
969 Тип издания __
a Тип издания учебник
990 Данные о заказе (DOS) __
j Количество экземпляров (DOS) 1
t N записи в КСУ для И/У (DOS) 200506